000 00693cam a2200205 a 4500
001 000007524
005 20240305135409.0
008 800320r1978 ck 000 0aspa d
040 _aDO-SdBNP
_cLC
_dBNPHU
082 _a914.7
_bG216d
100 1 _aGarcía Márquez, Gabriel,
_b1928-2014
_d1928-
_91804
245 1 0 _aDe viaje por los países socialistas :
_b90 días en la "Cortina de hierro" /
_cGabriel García Márquez.
260 _aColombia :
_bMacondo,
_c1978.
300 _a208 p. ;
_c18 cm.
651 4 _aEuropa Oriental
_xCondiciones Sociales
_920886
651 4 _aEuropa Oriental
_xEscripciones Y Viajes
_920887
910 _aCatalogación derivada / LC
910 _aWM
049 _aBNGR
999 _c7305
_d7305